000 00550nam a2200169 i 4500
001 94946
003 ES-MaACL
005 20230906181609.0
007 t|
008 050518s1973 sp ||||1| spa d
100 1 _aLuft, Joseph.
_974647
245 1 0 _aIntroducción a la dinámica en grupos
_b: los pequeños grupos y su rol en la práctica social educativa /
_cJoseph Luft; [versión... de Josep Pombo].
260 _aBarcelona :
_bHerder,
_c1973.
300 _a138 p. ;
_c22 cm.
700 1 _aPombo, Josep A.
_992907
852 _aES-MaACL
_jC-54325
999 _c94946
_d94946